000 00732cab a2200217 4500
001 WB2718-14
008 090401t1991 xxu||||| |||| 00| 0 eng d
035 _a(Sirsi) u69792
041 _aeng
245 _aFuture developments in energy
260 _c1991
350 _a0
490 _aDepartment of Energy News Release
_vno 69 1 May 1991, 2 pages
520 _aJohn Wakeham, the Energy Secretary , has published a pamphlet, " Energy: looking to the future ", which sets out his observations on future development in the energy sector .
650 _aENERGY RESOURCES
650 _aEnvironment
_96238
650 _aFORECASTING
690 _aENVIRONMENTAL AND LAND CONSULTANCY-ENERGY
942 _n0
948 _c04/03/1997
999 _c43873
_d43873